[Event "AZE-ch 74th"]
[Site "Baku"]
[Date "2019.01.16"]
[Round "1"]
[White "Shahaliyev, Ismayil Bahram"]
[Black "Isgandarov, Shahriyar"]
[Result "1-0"]
[WhiteElo "2389"]
[BlackElo "2113"]
[PlyCount "107"]
[EventDate "2019.01.16"]
[EventType "swiss"]
[EventRounds "9"]
[EventCountry "AZE"]
[SourceTitle "CBM 188 Extra"]
[Source "ChessBase"]
[SourceDate "2019.02.26"]
[SourceVersion "1"]
[SourceVersionDate "2019.02.26"]
[SourceQuality "1"]

1. e4 c5 2. Nf3 Nc6 3. Bb5 g6 4. Bxc6 bxc6 5. 0-0 Bg7 6. Re1 Nf6 7. e5 Nd5 8. c4 Nc7 9. d4 cxd4 10. Qxd4 0-0 11. Qh4 f6 12. exf6 exf6 13. Bh6 Ne6 14. Bxg7 Kxg7 15. Nc3 f5 16. Qxd8 Rxd8 17. Rad1 d6 18. Nd4 Nxd4 19. Rxd4 Kf6 20. c5 d5 21. f4 Ba6 22. b3 Re8 23. Rxe8 Rxe8 24. Ra4 Bd3 25. Kf2 Re7 26. Rd4 Ba6 27. Ra4 Bd3 28. Rd4 Ba6 29. g3 h6 30. Ra4 Bd3 31. Rd4 Ba6 32. Rd1 g5 33. Rd4 g4 34. Ra4 Bd3 35. Rd4 Ba6 36. Rd1 Re6 37. a4 Re8 38. b4 Bc4 39. b5 cxb5 40. axb5 Rb8 41. Ke3 Bxb5 42. Rxd5 Bc4 43. Rd7 a5 44. Kd4 Be6 45. Nd5+ Kg6 46. Re7 Bf7 47. c6 Bxd5 48. Kxd5 Rb2 49. c7 Rd2+ 50. Ke6 Rc2 51. Kd7 Kf6 52. Re6+ Kf7 53. Rc6 Rd2+ 54. Rd6 1-0

[Event "World School-ch U17 12th"]
[Site "Sochi"]
[Date "2016.12.08"]
[Round "5"]
[White "Bashirli, Nail Qoshqar"]
[Black "Isgandarov, Shahriyar"]
[Result "1-0"]
[WhiteElo "2381"]
[BlackElo "1899"]
[PlyCount "93"]
[EventDate "2016.12.03"]
[EventType "swiss"]
[EventRounds "9"]
[EventCountry "RUS"]
[SourceTitle "CBM 176 Extra"]
[Source "ChessBase"]
[SourceDate "2017.03.02"]
[SourceVersion "1"]
[SourceVersionDate "2017.03.02"]
[SourceQuality "1"]

1. e4 c5 2. Nf3 Nc6 3. Nc3 g6 4. Bc4 Bg7 5. 0-0 e6 6. d4 Nxd4 7. Nxd4 cxd4 8. Nb5 Qb6 9. c3 a6 10. Nxd4 Ne7 11. Be3 Qc7 12. Bb3 0-0 13. f4 d6 14. Qf3 Bd7 15. Qg3 Kh8 16. Qh4 Rae8 17. Nf3 f6 18. Qh3 e5 19. Qh4 Bb5 20. Rf2 Bc4 21. Bc2 Be6 22. Bb3 Bxb3 23. axb3 Qc6 24. fxe5 dxe5 25. Rd1 Qe6 26. b4 Rd8 27. Rfd2 Rxd2 28. Rxd2 Nc8 29. Qe1 Qc6 30. Bc5 Re8 31. Rd5 Bf8 32. Qe3 Bxc5 33. bxc5 Qe6 34. h4 Qe7 35. h5 g5 36. Nh2 Rd8 37. b4 Na7 38. Ng4 Nc6 39. Qf3 Rf8 40. Qf5 Qf7 41. Rd6 Ne7 42. Qxf6+ Qxf6 43. Nxf6 Nc8 44. Re6 Kg7 45. Nd5 Rf7 46. h6+ Kf8 47. Rxe5 1-0

[Event "World School-ch U15 11th"]
[Site "Pattaya"]
[Date "2015.05.08"]
[Round "2"]
[White "Isgandarov, Shahriyar"]
[Black "Maung, Maung Kyaw Zaw"]
[Result "1/2-1/2"]
[WhiteElo "1920"]
[BlackElo "1834"]
[PlyCount "62"]
[EventDate "2015.05.07"]
[EventType "swiss"]
[EventRounds "9"]
[EventCountry "THA"]
[SourceTitle "CBM 166 Extra"]
[Source "ChessBase"]
[SourceDate "2015.06.18"]
[SourceVersion "1"]
[SourceVersionDate "2015.06.18"]
[SourceQuality "1"]

1. e4 c6 2. d4 d5 3. Nc3 dxe4 4. Nxe4 Bf5 5. Ng3 Bg6 6. h4 h6 7. Nf3 Nd7 8. h5 Bh7 9. Bd3 Bxd3 10. Qxd3 e6 11. Bd2 Ngf6 12. 0-0-0 Be7 13. Ne4 Nxe4 14. Qxe4 Nf6 15. Qe2 Qd5 16. c4 Qe4 17. Rhe1 Qxe2 18. Rxe2 0-0 19. g4 b5 20. c5 Rfd8 21. Rg1 Nh7 22. Kc2 Ng5 23. Bxg5 hxg5 24. Rge1 Bf6 25. Ne5 Rac8 26. Kc3 a5 27. a4 b4+ 28. Kc4 Rd5 29. Kd3 Bxe5 30. Rxe5 Rcd8 31. R1e4 Kf8 1/2-1/2